|
|
แสดงรายละเอียดบรรณานุกรม |
|
|
Brief Record
: Get Marc (ISO 2709)
: E-mail record
: |
|
|
|
| LEADER 00000nama 2200000uu 4500 | |||
| 001 180943 | |||
| 003 ULIBM | |||
| 008 040531s2539 th m m a000 0 tha d | |||
| 020 974-632-981-2 | |||
| 041 tha | |||
| 050 QR64 น149จ 2539 | |||
| 100 นงลักษณ์ สุวรรณพินิจ | |||
| 245 จุลชีววิทยาทั่วไป/นงลักษณ์ สุวรรณพินิจและปรีชา สุวรรณพินิจ | |||
| 246 0 ^aวิทยาศาสตร์สุขภาพและการศึกษาทั่วไป. | |||
| 260 กรุงเทพฯ สำนักพิมพ์จุฬาลงกรณ์มหาวิทยาลัย 2539 | |||
| 300 735 หน้า | |||
| 650 จุลชีววิทยา ปรีชา สุวรรณพินิจชื่อเรื่อง | |||
| 650 0 ^aวิทยาศาสตร์สุขภาพและการศึกษาทั่วไป. | |||
| 998 1998-12-11 | |||
| 999 ^aใช้งานได้ทุกระบบ | |||
| คุณยังไม่ได้ล็อกอิน คุณสามารถมีกิจกรรมร่วมกับเว็บไซต์ได้ แต่ต้องล็อกอินก่อน :: |
|
| สถานะ | |||||||||
| 1. | หนังสือทั่วไป | QR64 น149จ 2539 | On Shelf ขอยืม | ||||||
| 2. | หนังสือทั่วไป สถานะ=อยู่บนชั้นแสดงหนังสือ | QR64 น149จ 2539 ฉ.7 | On Shelf ขอยืม | ||||||
| [แสดง 2/2 รายการ] | |||||||||
| รายการใกล้เคียง ผู้แต่ง [นงลักษณ์ สุวรรณพินิจ]
หัวเรื่อง [วิทยาศาสตร์สุขภาพและการศึกษาทั่วไป.]
|
BibComment |
| คอมเมนท์ทรัพยากรรายการนี้ |
|
|